L' estate di un ghiro : il mito di Lord Byron attraverso la vita, i viaggi, gli amori, le opere /
Uloženo v:
| Hlavní autor: | |
|---|---|
| Další autoři: | |
| Médium: | Kniha |
| Jazyk: | italština |
| Vydáno: |
Venezia :
Cicero,
2013
|
| Edice: | Saggi
|
| Témata: | |
| Tagy: |
Žádné tagy, Buďte první, kdo vytvoří štítek k tomuto záznamu!
|
MARC
| LEADER | 00000nam a22000007i 4500 | ||
|---|---|---|---|
| 001 | IT\ICCU\UBO\4048512 | ||
| 003 | ItRI | ||
| 005 | 20260118193123.0 | ||
| 008 | 131209s2013 it |||||| ||||| |||||c | ||
| 020 | |a 9788889632390 | ||
| 040 | |b ita |c GP | ||
| 041 | 7 | |a ita |2 ISO-639-2 | |
| 100 | 1 | |a Patanè, Vincenzo |0 IT\ICCU\CFIV\148333 |4 aut | |
| 240 | 1 | 2 | |a L'estate di un ghiro |9 Patanè, Vincenzo |
| 245 | 1 | 3 | |a L' estate di un ghiro : |b il mito di Lord Byron attraverso la vita, i viaggi, gli amori, le opere / |c Vincenzo Patanè ; introduzione di Masolino d'Amico. |
| 260 | |a Venezia : |b Cicero, |c 2013 | ||
| 300 | |a 569 p., [16] p. di tav. : |b ill. ; |c 24 cm. | ||
| 650 | 7 | |a Byron, George Gordon |x Biografia |2 scbi | |
| 700 | 1 | |a D'Amico, Masolino |0 IT\ICCU\CFIV\006843 |4 aui | |
| 830 | 0 | |a Saggi |0 IT\ICCU\PAL\0212223 | |
| 942 | |2 ddc |c BK | ||
| 952 | |0 0 |1 0 |2 ddc |4 0 |6 821_709240000000000_PAT |7 1 |9 1116 |a RM |b RM |d 2024-03-26 |l 0 |o 821.70924 PAT |p 640 |r 2024-03-26 19:38:16 |w 2024-03-26 |y BK | ||
| 952 | |0 0 |1 0 |2 ddc |4 0 |6 821_709000000000000_PAT_EST |7 1 |9 3169 |a RN |b RN |d 2025-02-15 |l 0 |o 821.709 PAT EST |p 10434 |r 2025-02-15 19:19:42 |w 2025-02-15 |x Donazione di Giovanni Rimondini |y BK |z Donazione di Giovanni Rimondini | ||
| 952 | |0 0 |1 0 |4 0 |6 DOC_821_709000000000000_PAT |7 0 |9 21345 |a BO |b BO |d 2026-01-15 |i 17283 |l 0 |o DOC 821.709 PAT |p BO17283 |r 2026-01-15 23:21:53 |w 2026-01-15 |x [Sebina 5] [1 v.] |y BK |z 1 v. (con dedica dell'A.) | ||
| 981 | 1 | |6 z01 |a i |b xxxe | |
| 982 | 1 | |6 z01 |a n | |
| 999 | |c 1022 |d 1022 | ||